| 000 | 00657nam a2200241Ia 4500 | ||
|---|---|---|---|
| 008 | 180523s9999 xx 000 0 und d | ||
| 020 | _a978-981-259-788-5 | ||
| 050 | _aMAIN R 150.I5 | ||
| 050 | _b.S38 2006 c.1 | ||
| 100 | _aSchumacher, Lori. | ||
| 245 | 0 | _aCritical care & emergency nursing / | |
| 245 | 0 | _cLori Schumacher, Bynthia Chernecky. | |
| 260 | _aSingapore : | ||
| 260 | _bElsevier, | ||
| 260 | _c2006 | ||
| 300 | _a430 pages : | ||
| 300 | _billustrations ; | ||
| 300 | _c23 cm. | ||
| 440 | _aReal-world nursing survival guide | ||
| 500 | _aIncludes index. | ||
| 650 | _aIntensive care nursing. | ||
| 650 | _xEmergency nursing. | ||
| 999 |
_c357602 _d357602 |
||